| 000 | 00775nam a2200217 a 4500 | ||
|---|---|---|---|
| 001 | 000041736 | ||
| 005 | 20201002035727.0 | ||
| 008 | 131016s1987 sp 001 0 spa d | ||
| 020 | _a8400066774 | ||
| 040 |
_aDO-SdBNP _bspa _cBNPHU |
||
| 082 |
_axxx _bxxx |
||
| 100 | 1 |
_aSantiago-Otero, Horacio _915262 |
|
| 245 | 1 | 0 |
_aManuscritos de Autores Medievales Hispanos. / _cHoracio Santiago-Otero. |
| 260 |
_aMadrid, : _bConsejo Superior de Investigaciones Científicas _bCentro de Estudios Historicos, _c1987. |
||
| 300 |
_av. ; _c25 cm. |
||
| 490 | 1 |
_aMedievalia et Humanistica _v3 |
|
| 500 | _aIncluye índice onomástico | ||
| 500 | _aIncluye índice de manuscritos | ||
| 500 | _aIncluye referencias y notas a pie de página | ||
| 830 | 0 |
_aMedievalia et Humanistica _v3 _968579 |
|
| 999 |
_c41225 _d41225 |
||